<?xml version="1.0" encoding="UTF-8"?>
<collection xmlns:xsi="http://www.w3.org/2001/XMLSchema-instance" xsi:schemaLocation="http://www.loc.gov/MARC21/slim http://www.loc.gov/standards/marcxml/schema/MARC21slim.xsd" xmlns="http://www.loc.gov/MARC21/slim">
 <record>
  <leader>00000ctm a22000003a 4500</leader>
  <controlfield tag="001">UP-99796217612992130</controlfield>
  <controlfield tag="003">Buklod</controlfield>
  <controlfield tag="005">20190403155913.0</controlfield>
  <controlfield tag="006">t    gr     000 0 </controlfield>
  <controlfield tag="007">ta</controlfield>
  <controlfield tag="008">190403s2014    xx     d     r    |||| u|</controlfield>
  <datafield tag="035" ind1=" " ind2=" ">
   <subfield code="a">(iLib)UPD-00398864070</subfield>
  </datafield>
  <datafield tag="040" ind1=" " ind2=" ">
   <subfield code="a">DMC</subfield>
   <subfield code="e">rda</subfield>
  </datafield>
  <datafield tag="041" ind1=" " ind2=" ">
   <subfield code="a">eng</subfield>
  </datafield>
  <datafield tag="100" ind1="1" ind2=" ">
   <subfield code="a">Rivera, Andrea Birog</subfield>
   <subfield code="e">author</subfield>
  </datafield>
  <datafield tag="245" ind1="1" ind2="0">
   <subfield code="a">From grapevine to news</subfield>
   <subfield code="b">an analysis of viral posts in social media published in articles in Inquirer.net and Philstar.com from 2012 to 2013</subfield>
   <subfield code="c">Andrea Birog Rivera ; Danilo  Arao, adviser.</subfield>
  </datafield>
  <datafield tag="264" ind1=" " ind2="1">
   <subfield code="c">2014.</subfield>
  </datafield>
  <datafield tag="300" ind1=" " ind2=" ">
   <subfield code="a">x, 72 leaves</subfield>
   <subfield code="b">illustrations</subfield>
  </datafield>
  <datafield tag="336" ind1=" " ind2=" ">
   <subfield code="a">text</subfield>
   <subfield code="2">rdacontent</subfield>
  </datafield>
  <datafield tag="337" ind1=" " ind2=" ">
   <subfield code="a">unmediated</subfield>
   <subfield code="2">rdamedia</subfield>
  </datafield>
  <datafield tag="338" ind1=" " ind2=" ">
   <subfield code="a">volume</subfield>
   <subfield code="2">rdacarrier</subfield>
  </datafield>
  <datafield tag="500" ind1=" " ind2=" ">
   <subfield code="a">Vita.</subfield>
  </datafield>
  <datafield tag="502" ind1=" " ind2=" ">
   <subfield code="a">Thesis (A.B. Journalism)--University of the Philippines Diliman</subfield>
   <subfield code="d">2014.</subfield>
  </datafield>
  <datafield tag="506" ind1=" " ind2=" ">
   <subfield code="a">Available to the general public.</subfield>
  </datafield>
  <datafield tag="520" ind1="3" ind2=" ">
   <subfield code="a">&quot;As viral posts flow endlessly in the information highway, it is no longer a question of what it means to be viral. It is a question of what it means to be viral and relevant. This study delves on virality and viral post reportage in a Philippine context Social media-spread viral posts reported in 160 articles in Inquirer.net and Philstar. com from 2012 to 2013 were analyzed in this study through content analysis. Interviews with the editors of Inquirer.net and Philstar. com were also done to provide context on how gatekeeping methods were done in reporting viral posts. One goal of this study is to provide an insight on the common themes and elements in the viral posts that were reported on the two news sites from 2012 to 2013. Another is to show how news sites do gatekeeping in reporting the viral posts. Findings show that emotionally arousing Internet posts are highly likely to go viral. Most of the viral posts reported on have a negative emotional coloring, specifically anger. These viral posts are also highly to get reported on news sites if they involve Filipino public figures, usually politicians. These posts have gone viral on Facebook, Twitter, and Youtube. The articles that fall under news or headlines involve national issues, but most fall under  other sections which involve technology and social media.&quot;</subfield>
  </datafield>
  <datafield tag="650" ind1=" " ind2="0">
   <subfield code="a">News Web sites</subfield>
   <subfield code="z">Philippines.</subfield>
  </datafield>
  <datafield tag="650" ind1=" " ind2="0">
   <subfield code="a">Online journalism</subfield>
   <subfield code="z">Philippines.</subfield>
  </datafield>
  <datafield tag="650" ind1=" " ind2="0">
   <subfield code="a">Social media</subfield>
   <subfield code="z">Philippines.</subfield>
  </datafield>
  <datafield tag="650" ind1=" " ind2="0">
   <subfield code="a">Mass media</subfield>
   <subfield code="x">Social aspects.</subfield>
  </datafield>
  <datafield tag="700" ind1="1" ind2=" ">
   <subfield code="a">Arao, Danilo</subfield>
   <subfield code="e">adviser.</subfield>
  </datafield>
  <datafield tag="710" ind1="2" ind2=" ">
   <subfield code="a">University of the Philippines.</subfield>
   <subfield code="b">College of Mass Communication.</subfield>
  </datafield>
  <datafield tag="905" ind1=" " ind2=" ">
   <subfield code="a">FI</subfield>
  </datafield>
  <datafield tag="905" ind1=" " ind2=" ">
   <subfield code="a">UP</subfield>
  </datafield>
  <datafield tag="852" ind1="0" ind2=" ">
   <subfield code="a">UPD</subfield>
   <subfield code="b">DMC</subfield>
   <subfield code="h">LG 993.5 2014</subfield>
   <subfield code="i">M3  R58</subfield>
  </datafield>
  <datafield tag="942" ind1=" " ind2=" ">
   <subfield code="a">Thesis</subfield>
  </datafield>
 </record>
</collection>
